000
00320nam a2200133Ia 4500
008
150201s1996 xx 000 0 und d
082
_a
610.73678
_b
M96R
100
_a
ROLLAND , POULETTE D.
245
_a
MATERNITY NURSING
260
_b
MOSBY
_a
INDIA
_c
1996
300
_a
527
650
_a
OBST. & GYNEA.
942
_2
ddc
_c
BK
999
_c
2048
_d
2048